000 00301nam a22001337a 4500
008 170927b xxu||||| |||| 00| 0 eng d
020 _a9780131123083
041 _aeng
080 _24TH
_a37
100 _a47
101 _aEDU
245 _aDIRECT INSTRUCTION READING
_cCARNINE,D.W
942 _2udc
_cBK
999 _c30311
_d30311